zpět

Detail výsledku týmu

Pub Na Plech - Žižkov, Praha

Datum a čas kvízu

39.5 Celkem bodů Celkový počet nahraných bodů na tomto kvízu bez doplňovacích otázek.
2. Pořadí na kvízu Konečné umístění týmu na tomto kvízu.

Zaznamenané odpovědi

# Otázka Odpověď Body Výsledky
1. Sociální sítě minulý týden obl... Frýdek-Mýstek 1
2. Donald Trump se kvůli obvinění... Georgia 1
3. O víkendu proběhl v areálu zná... Helfštýn, Hefaiston 0
4. Co nedávno nedokázalo Rusko –... Indie 1
5. Na atletickém mistrovství svět... srážka vozíků převážejících atlety 0
6. Napište jméno anglického polit... Oliver Cromwell 0
7. V dubnu 1961 došlo za podpory... Zátoka sviní 1
8. Z obav před atentátem nechal g... Myanmar 1
9. Přiřaď diktátora k zemi, kde p... 1D 2B 3A 4C 1
10. Který herec hrál hlavní roli v... Sacha Baron Cohen 1